Augustus: the life and times of the founder of the Roman empire (Record no. 433794)

000 -LEADER
fixed length control field 00499cam a22001457a 4500
008 - FIXED-LENGTH DATA ELEMENTS--GENERAL INFORMATION
fixed length control field 180718b1905 xxu||||| |||| 00| 0 eng d
082 ## - DEWEY DECIMAL CLASSIFICATION NUMBER
Classification number A6x37 Sh91
100 ## - MAIN ENTRY--PERSONAL NAME
Personal name Shuckburgh, E.S.
245 ## - TITLE STATEMENT
Title Augustus: the life and times of the founder of the Roman empire
Statement of responsibility, etc. by E.S. Shuckburgh
260 ## - PUBLICATION, DISTRIBUTION, ETC.
Place of publication, distribution, etc. London
Name of publisher, distributor, etc. T. Fisher Unwin
Date of publication, distribution, etc. 1905
300 ## - PHYSICAL DESCRIPTION
Extent 318p.
650 ## - SUBJECT ADDED ENTRY--TOPICAL TERM
Topical term or geographic name entry element Rome --History --Augustus, 30 B.C.-14 A.D.
650 ## - SUBJECT ADDED ENTRY--TOPICAL TERM
Topical term or geographic name entry element Emperors --Rome --Biography
650 ## - SUBJECT ADDED ENTRY--TOPICAL TERM
Topical term or geographic name entry element Augustus, Emperor of Rome, 63 B.C.-14 A.D.
Holdings
Withdrawn status Lost status Damaged status Not for loan Permanent Location Current Location Date acquired Full call number Barcode Date last seen Price effective from Koha item type
        Indian Institute of Public Administration Indian Institute of Public Administration 2010-02-11 A6x37 Sh91 A649 2018-07-21 2018-07-21 A

Powered by Koha